000 00368pab a2200133 454500
008 180718b1983 xxu||||| |||| 00| 0 eng d
245 _aStudies in political behaviour
_bElections, groups and the New Zealand parliament
260 _c1983
300 _a151-300
362 _aDec.
650 _aLegislators - New Zealand
773 _aPolitical Science
909 _a12575
999 _c12575
_d12575